000 00907nam a2200217Ii 4500
003 JO-AjNU
008 230605s9999||||xx |||||||||||||| ||und||
017 _a1999/5/758
040 _aJO-AjNU
_bara
_erda
_cJO-AjNU
041 _aara
050 1 4 _aHN49.C6 S5212 1999
100 3 _aتاليف شومان، مايكل ؛ ترجمة محمد نجار ؛ مراجعة فاروق جرار,
_eauthor
_952617
245 0 0 _aنحو قرية عالمية = Towards aglobal village : مبادرات تطوير مجتمع عالمي
250 _aط 1 العربية
264 3 1 _aعمان: دار النسر للنشر والتوزيع، 1999
300 _a183ص
336 _atext
_btxt
_2rdacontent
337 _aunmediated
_bn
_2rdamedia
338 _avolume
_bnc
_2rdacarrier
650 4 _aالتنمية الاجتماعية - التنمية الاقتصادية - التنمية الثقافية 
_952618
999 _aA23319
_c26887
_d26887